[Event "EU-Cup Online Gr-E (Women)"]
[Site "Tornelo INT"]
[Date "2020.12.20"]
[Round "8.3"]
[White "Padmini, Rout"]
[Black "Reizniece Ozola, Dana"]
[Result "1-0"]
[WhiteElo "2370"]
[BlackElo "2279"]
[PlyCount "75"]
[EventDate "2020.12.19"]
[EventType "team-tourn (rapid)"]
[EventRounds "9"]
[EventCountry "ISS"]
[SourceTitle "CBM 199 Extra"]
[Source "ChessBase"]
[SourceDate "2021.01.31"]
[SourceVersion "1"]
[SourceVersionDate "2021.01.31"]
[SourceQuality "1"]
[WhiteTeam "Hamburger SK (W)"]
[BlackTeam "Wasa (W)"]
[WhiteTeamCountry "GER"]
[BlackTeamCountry "SWE"]

1. Nf3 g6 2. g3 Bg7 3. d4 Nf6 4. Bg2 0-0 5. 0-0 d6 6. b3 a5 7. a4 Nc6 8. Bb2 e5 9. dxe5 Ng4 10. Na3 Ngxe5 11. Nxe5 Nxe5 12. Rb1 Qe7 13. Nb5 Rb8 14. Qd2 b6 15. Rfe1 Bb7 16. e4 f6 17. f4 Nc6 18. Ba3 Rfe8 19. Re2 Qd7 20. Rbe1 Re7 21. h4 Rbe8 22. Kh2 Kh8 23. Nc3 Nb4 24. Nb5 Nc6 25. c3 Qc8 26. Re3 Qa8 27. Qe2 Na7 28. Nd4 Nc6 29. h5 Nxd4 30. cxd4 c5 31. d5 gxh5 32. Qf3 f5 33. e5 dxe5 34. fxe5 Rxe5 35. Rxe5 Rxe5 36. Rxe5 Bxe5 37. Qxf5 Bxg3+ 38. Kxg3 1-0

[Event "Aegean op 43rd"]
[Site "Aghios Kirykos"]
[Date "2020.07.16"]
[Round "7"]
[White "Reizniece Ozola, Dana"]
[Black "Ladopoulos, Dimitrios"]
[Result "0-1"]
[WhiteElo "2311"]
[BlackElo "2260"]
[PlyCount "108"]
[EventDate "2020.07.10"]
[EventType "swiss"]
[EventRounds "7"]
[EventCountry "GRE"]
[SourceTitle "EXT 2021"]
[Source "ChessBase"]
[SourceDate "2020.10.23"]
[SourceVersion "1"]
[SourceVersionDate "2020.10.23"]
[SourceQuality "1"]

1. c4 Nf6 2. Nc3 c6 3. Nf3 d5 4. e3 e6 5. b3 Nbd7 6. Bb2 Bd6 7. Qc2 0-0 8. h3 Qe7 9. g4 Ba3 10. Bxa3 Qxa3 11. g5 Nh5 12. Be2 g6 13. Nh2 Ng7 14. Ng4 Nf5 15. h4 f6 16. h5 fxg5 17. hxg6 hxg6 18. e4 d4 19. exf5 exf5 20. Qd3 dxc3 21. Qh3 cxd2+ 22. Kd1 Kf7 23. Qh7+ Ke8 24. Qxg6+ Kd8 25. Qxg5+ Kc7 26. Qf4+ Kb6 27. c5+ Qxc5 28. Ne3 a5 29. Kxd2 Nf6 30. Nc4+ Ka7 31. Qe3 Ne4+ 32. Kc2 Qxe3 33. fxe3 Rg8 34. Rag1 Be6 35. Nxa5 Kb6 36. Rxg8 Rxg8 37. Rh6 Kxa5 38. Rxe6 Rg2 39. Re5+ Kb4 40. Kd3 Ng3 41. Bd1 Rxa2 42. Bc2 b5 43. Kd2 Ne4+ 44. Kd3 Nc5+ 45. Kd2 Nxb3+ 46. Kd1 Na5 47. Bxf5 Nc4 48. Re6 c5 49. e4 Ne3+ 50. Ke1 c4 51. Rb6 c3 52. Bd7 Nc2+ 53. Ke2 Na3+ 54. Kd3 Rd2+ 0-1